झुंजार टिळक (Record no. 370117)
[ view plain ]
| 000 -LEADER | |
|---|---|
| fixed length control field | 02611 a2200145 4500 |
| 003 - CONTROL NUMBER IDENTIFIER | |
| control field | OSt |
| 005 - DATE AND TIME OF LATEST TRANSACTION | |
| control field | 20260211121246.0 |
| 008 - FIXED-LENGTH DATA ELEMENTS--GENERAL INFORMATION | |
| fixed length control field | 260211b |||||||| |||| 00| 0 eng d |
| 100 ## - MAIN ENTRY--PERSONAL NAME | |
| Personal name | मांडके एस. |
| 9 (RLIN) | 216711 |
| 245 ## - TITLE STATEMENT | |
| Title | झुंजार टिळक |
| 260 ## - PUBLICATION, DISTRIBUTION, ETC. (IMPRINT) | |
| Name of publisher, distributor, etc. | भारतीय विचार साधना प्रकाशन |
| Date of publication, distribution, etc. | 2004 |
| Place of publication, distribution, etc. | पुणे |
| 300 ## - PHYSICAL DESCRIPTION | |
| Extent | 80pp. |
| 520 ## - SUMMARY, ETC. | |
| Summary, etc. | झुंजार टिळक' हे विशेषण प्रामुख्याने भारतीय स्वातंत्र्यलढ्यातील जहाल नेते लोकमान्य बाळ गंगाधर टिळक (१८५६-१९२०) यांच्यासाठी वापरले जाते. ब्रिटिश राजवटीविरुद्ध 'स्वराज्य हा माझा जन्मसिद्ध अधिकार आहे' अशी घोषणा देत, आपल्या निर्भय लेखणीने आणि प्रभावी भाषणांनी त्यांनी जनतेत राष्ट्रप्रेमाची ठिणगी टाकली, त्यामुळे त्यांना 'असंतोषाचे जनक' म्हटले जाते [१, ४, ७]। <br/>लोकमान्य टिळकांविषयी ठळक बाबी:<br/>लाल-बाल-पाल: लाला लजपत राय, बाळ गंगाधर टिळक आणि बिपिनचंद्र पाल या त्रिकुटातील प्रमुख नेते [१]।<br/>विचारधारा: जहाल मतवादी, ब्रिटिश सरकारवर कडक टीका करणारे [७]।<br/>योगदान: 'केसरी' आणि 'मराठा' वृत्तपत्रांद्वारे जनजागृती, सार्वजनिक गणेशोत्सव व शिवजयंती सुरू करून संघटन [६]।<br/>पुस्तक: कारावासात असताना 'गीता रहस्य' हा महत्त्वपूर्ण ग्रंथ लिहिला [६]।<br/>झुंजार वृत्तपत्र: Instagram - ravikantvarpe च्या मते, टिळकांनी आपल्या झुंजार लेखणीने जनतेच्या मनात असंतोषाची ठिणगी पेटवली. |
| 942 ## - ADDED ENTRY ELEMENTS (KOHA) | |
| Koha item type | Books |
| Source of classification or shelving scheme | Dewey Decimal Classification |
| Withdrawn status | Lost status | Source of classification or shelving scheme | Damaged status | Not for loan | Collection code | Home library | Current library | Date acquired | Vendor | Cost, normal purchase price | Total Checkouts | Barcode | Date last seen | Cost, replacement price | Bill Date | Koha item type | Original Barcode |
|---|---|---|---|---|---|---|---|---|---|---|---|---|---|---|---|---|---|
| Dewey Decimal Classification | MCA | MKSSS s K.B. Joshi Institute of Information Technology Library | MKSSS s K.B. Joshi Institute of Information Technology Library | 02/02/2026 | 188 | 63.00 | KBJP-BK-2965 | 02/02/2026 | 90.00 | 02/02/2026 | Books | 2965 |